000 00464cam a2200181ua 4500
020 _c12.00
041 _aeng
_h
082 _a954.03
_bGUR/RE
100 _aGurbaksh Singh, Kapoor .
245 _aRefresher course in history of India /
_cGurbaksh Singh Kapoor.
_hTextual Documents
250 _a1 /
_b.
260 _aNew Delhi :
_bS.Chand and Co ,
_c1962.
300 _a736 ; .
365 _a12.00
504 _a
942 _cBK
999 _c5567
_d5567